• 首页
  • 本馆介绍
  • 公告通知
  • 最新文献
  • 馆藏检索
  • 电子资源
  • 读者导购
  • 参考咨询
  • 我的图书馆
  • 登录
  • 详细信息显示
  • 放入我的书架
  • 预约/预借图书
  • 作者相关作品
  • 分类相关作品
  • 丛书相关作品
  • 出版社相关作品

书目信息

  • 表格格式
  • 工作单格式
  • 卡片格式
题名:
Word+Excel+PPT+Photoshop+思维导图
    
 
作者: ;博蓄诚品 编著
分册:  
出版信息: 北京   化学工业出版社  2020.10
页数: X,300页
开本: 24cm
丛书名:
单 册:
中图分类: TP317.1 , TP391.413
科图分类:
主题词: 办公自动化--应用软件 , 图像处理软件
电子资源:
ISBN: 978-7-122-36524-8
000 01425nam0 2200265 45
001 012001000345
005 20130911133549.0
010    @a978-7-122-36524-8@dCNY59.80
100    @a20200609d2020 em y0chiy50 ea
101 0  @achi
102    @aCN@b110000
105    @aak z 000yy
106    @ar
200 1  @aWord+Excel+PPT+Photoshop+思维导图@Aword+excel+ppt+photoshop+ si wei dao tu@b专著@e高效商务办公一本通@f博蓄诚品编著
210    @a北京@c化学工业出版社@d2020.10
215    @aX,300页@c彩图@d24cm
300    @a5合1超值版
330    @a本书分5篇,共15章,基于新版Office 2019和Photoshop CC 2019,以实战案例的形式来介绍Word、Excel、PPT、Photoshop和思维导图的典型应用,主要内容包括文档的编辑、图文混排、高级应用;数据报表的制作、数据的分析与处理、数据的可视化转换、数据的打印与输出;演示文稿的创建、编辑、演示、动画效果的制作等;Photoshop基本应用、人像处理、图像合成等;思维导图软件的介绍及实际应用等。书内容丰富实用,知识点循序渐进;案例选取具有代表性,且贴合职场实际需求;讲解细致,通俗易懂,操作步骤全程图解。同时,本书还配套了丰富的学习资源,主要有超大容量的同步教学视频、所有案例的源文件及素材,扫描对应的二维码即可轻松获取及使用。此外,还超值赠送常用行业案例及模板、各类电子书、线上课堂专属福利等。
606 0  @a办公自动化@x应用软件
606 0  @a图像处理软件
690    @aTP317.1@v5
690    @aTP391.413@v5
711 02 @a博蓄诚品@Abo xu cheng pin@4编著
801  0 @aCN@bBJSDL@c20211011
905    @b1335064-7@dTP317.1@e555@f4
    
    Word+Excel+PPT+Photoshop+思维导图:高效商务办公一本通/博蓄诚品编著.-北京:化学工业出版社,2020.10
    X,300页:彩图;24cm
    5合1超值版
    
    ISBN 978-7-122-36524-8:CNY59.80
    本书分5篇,共15章,基于新版Office 2019和Photoshop CC 2019,以实战案例的形式来介绍Word、Excel、PPT、Photoshop和思维导图的典型应用,主要内容包括文档的编辑、图文混排、高级应用;数据报表的制作、数据的分析与处理、数据的可视化转换、数据的打印与输出;演示文稿的创建、编辑、演示、动画效果的制作等;Photoshop基本应用、人像处理、图像合成等;思维导图软件的介绍及实际应用等。书内容丰富实用,知识点循序渐进;案例选取具有代表性,且贴合职场实际需求;讲解细致,通俗易懂,操作步骤全程图解。同时,本书还配套了丰富的学习资源,主要有超大容量的同步教学视频、所有案例的源文件及素材,扫描对应的二维码即可轻松获取及使用。此外,还超值赠送常用行业案例及模板、各类电子书、线上课堂专属福利等。
●
相关链接 在E读中查询图书 在五车中查询图书 在当当中查询图书 在豆瓣中查询图书


正题名:Word+Excel+PPT+Photoshop+思维导图     索取号:TP317.1/555         预约/预借

序号 登录号 条形码 馆藏地/架位号 状态 备注
1 1335064   213350648   第二样本阅览室/ [索取号:TP317.1/555] 在馆    
2 1335065   213350657   第三借阅区/ [索取号:TP317.1/555] 在馆    
3 1335066   213350666   第三借阅区/ [索取号:TP317.1/555] 在馆    
4 1335067   213350675   第三借阅区/ [索取号:TP317.1/555] 在馆    
唐山师范学院图书馆 欢迎您!
大连网信软件有限公司© 版权所有